Oeconomica 2-1987

Na minha lista:
Detalhes bibliográficos
Formato: Livro
Idioma:tcheco
Publicado em: Praha Univ. Karlova 1988
Edição:1. vyd.
Colecção:Acta Universitatis Carolinae
Tags: Adicionar Tag
Sem tags, seja o primeiro a adicionar uma tag!

MARC

LEADER 00000nam a2200000 4500
001 c025489
005 20221219085438.1
041 0 |a cze 
044 |a CZ 
245 1 0 |a Oeconomica 2-1987 
250 |a 1. vyd. 
264 1 |a Praha  |b Univ. Karlova  |c 1988 
300 |a 127 s. 
490 1 |a Acta Universitatis Carolinae 
830 0 |a Acta Universitatis Carolinae